[Event "1/128 Finale"]
[Site "www.chess-mail.com"]
[Date "2015.09.01"]
[Round "1"]
[White "Katze"]
[Black "Ffdd65"]
[WhiteElo "1599"]
[BlackElo "2210"]
[Result "0-1"]
[Round "1"]
1.Ng1f3 Nb8c6
2.e4 e5
3.Nb1c3 Ng8f6
4.Bf1b5 d6
5.h3 Bc8d7
6.d3 a6
7.Bb5xc6 Bd7xc6
8.O-O Bf8e7
 { time }
0-1

[Event "Eq:chibcha-Team USA : "]
[Site "www.chess-mail.com"]
[Date "2015.09.01"]
[Round "1"]
[White "Olddog55"]
[Black "Pablincho"]
[WhiteElo "1730"]
[BlackElo "1740"]
[Result "0-1"]
[Round "1"]
1.d4 c5
2.e3 cxd4
3.exd4 d5
4.Ng1f3 Ng8f6
5.Bf1d3 e6
6.Nf3e5 Bf8d6
7.f4 Nb8c6
8.O-O O-O
9.Rf1f3 a6
10.Rf3h3 h6
11.g4 Nf6e4
12.g5 Bd6xe5
13.dxe5 Qd8b6
14.Bc1e3 Qb6xb2
15.Nb1d2 Nc6xe5
16.fxe5 Qb2xe5
17.gxh6 Ne4g5
18.Rh3h5 Qe5xe3
19.Kh1 f5
20.c4 Rf8f6
21.hxg7 Rf6g6
22.Rh5h8 Kxg7
23.Qd1h5 Qe3xd3
24.Ra1d1 b6
25.h4 Qd3h3
26.Kg1 Ng5h7
{ resign }
0-1

[Event "Fast Game"]
[Site "www.echecsemail.com"]
[Date "2015.09.01"]
[Round "1"]
[White "Bojan"]
[Black "Mitja"]
[WhiteElo "1620"]
[BlackElo "1730"]
[Result "1/2-1/2"]
[Round "1"]
1.e4 d5
2.e5 e6
3.f4 a6
4.h4 h6
5.g4 g6
6.Bf1g2 c6
7.d4 Bf8g7
8.g5 hxg5
9.hxg5 Rh8xh1
10.Bg2xh1 Ng8e7
11.Qd1d3 Ne7f5
12.Ng1e2 Nb8d7
13.Ne2g3 Nf5xg3
14.Qd3xg3 Qd8a5
15.c3 b5
16.Nb1d2 Bc8b7
17.Bh1f3 O-O-O
18.Bf3d1 Rd8h8
19.b4 Qa5b6
20.Bd1f3 a5
21.a3 a4
22.Bf3g2 Kb8
23.Kf2 Qb6c7
24.Nd2f3 Qc7d8
25.Bc1e3 Nd7b6
26.Nf3d2 Ka7
27.Ra1h1 Rh8xh1
28.Bg2xh1 Qd8h8
29.Bh1g2 { draw }
1/2-1/2

[Event "Tourn. n8316"]
[Site "www.chess-mail.com"]
[Date "2015.09.02"]
[Round "1"]
[White "Mitja"]
[Black "Coraza"]
[WhiteElo "1660"]
[BlackElo "1789"]
[Result "1-0"]
[Round "1"]
1.d4 d5
2.e3 Nb8c6
3.h3 Bc8f5
4.c3 e6
5.Ng1e2 Ng8f6
6.Ne2g3 Bf8d6
7.Ng3xf5 exf5
8.Bf1d3 g6
9.Nb1d2 a6
10.O-O Qd8e7
11.Nd2f3 O-O-O
12.b4 b5
13.a4 Nc6a7
14.axb5 Kd7
15.Ra1xa6 Rd8a8
16.Qd1a4 Kd8
17.Ra6xa7 Ra8xa7
18.Qa4xa7 Kd7
19.b6 Qe7d8
20.bxc7 Bd6xc7
21.Nf3e5 Ke8
22.e4 Bc7xe5
23.dxe5 Nf6d7
24.Bc1h6 fxe4
25.Bd3b5 d4
26.cxd4 Rh8g8
27.Rf1c1 g5
28.Bb5xd7 Qd8xd7
29.Qa7a8 Ke7
30.Qa8xg8 Ke6
31.Qg8c8 { resign }
1-0

[Event "Tourn. n8318"]
[Site "www.chess-mail.com"]
[Date "2015.09.02"]
[Round "1"]
[White "Groz"]
[Black "Wegaman"]
[WhiteElo "1990"]
[BlackElo "1890"]
[Result "0-1"]
[Round "1"]
1.d4 d5
2.Bc1f4 Ng8f6
3.e3 Nb8c6
4.Ng1f3 e6
5.Bf1d3 Bf8e7
6.O-O O-O
7.Nb1d2 Bc8d7
8.c3 Nf6h5
9.Qd1c2 g6
10.Bf4h6 Nh5g7
11.e4 dxe4
12.Nd2xe4 Rf8e8
13.Rf1e1 Ra8c8
14.Ne4g5 Be7xg5
15.Nf3xg5 Nc6e7
16.Ng5h3 Ne7f5
17.Bh6xg7 Nf5xg7
 { time }
0-1

[Event "Tourn. n8370"]
[Site "www.chess-mail.com"]
[Date "2015.09.02"]
[Round "1"]
[White "Chtoubidou"]
[Black "Amaya"]
[WhiteElo "1970"]
[BlackElo "1920"]
[Result "0-1"]
[Round "1"]
1.e4 e6
2.d4 d5
3.Nb1c3 Bf8b4
4.a3 Bb4xc3
5.bxc3 Ng8e7
6.Qd1g4 c5
7.e5 cxd4
8.cxd4 Qd8c7
9.Bf1d3 Qc7c3
{ resign }
0-1

[Event "Tourn. n8319"]
[Site "www.chess-mail.com"]
[Date "2015.09.02"]
[Round "1"]
[White "Cl3537"]
[Black "Jucatorul"]
[WhiteElo "1440"]
[BlackElo "1499"]
[Result "1-0"]
[Round "1"]
1.e4 c5
2.Ng1f3 d6
3.Nb1c3 a6
4.d3 g6
5.Bc1e3 Bf8g7
6.Bf1e2 Nb8c6
7.O-O Bc8g4
{ time. }
1-0

[Event "Tourn. n8339"]
[Site "www.chess-mail.com"]
[Date "2015.09.02"]
[Round "1"]
[White "Awfen"]
[Black "Culiflori"]
[WhiteElo "1960"]
[BlackElo "1920"]
[Result "0-1"]
[Round "1"]
1.e4 e5
2.Ng1f3 Nb8c6
3.Bf1c4 Bf8c5
4.O-O Ng8f6
5.d3 d6
6.Bc1g5 O-O
7.Nb1c3 h6
8.Bg5h4 Bc8e6
9.Nc3d5 Be6xd5
10.Bc4xd5 Ra8b8
11.a3 Rf8e8
12.c3 a5
13.b4 axb4
14.axb4 Bc5b6
15.b5 Nc6a5
16.h3 c6
17.bxc6 bxc6
18.Bd5a2 g5
19.Bh4g3 Rb8a8
20.Nf3h2 Qd8d7
21.Qd1f3 Kg7
22.Nh2g4 Nf6xg4
23.hxg4 Na5b7
24.Rf1b1 Bb6c5
25.Qf3e2 Re8b8
26.Kh1 Nb7d8
27.Rb1d1 Nd8e6
28.f3 Ne6f4
29.Bg3xf4 exf4
30.e5 Rb8e8
31.d4 Bc5a7
32.e6 fxe6
33.Qe2d3 d5
34.Ba2b1 Kf8
35.Qd3g6 Qd7g7
36.Qg6d3 Ba7b6
37.Ra1a6 Ra8xa6
38.Qd3xa6 Qg7a7
39.Qa6d3 c5
40.Qd3g6 Qa7g7
41.Qg6c2 cxd4
42.cxd4 Bb6xd4
43.Qc2c6 Bd4e3
44.Qc6d6 Qg7e7
45.Qd6e5 Qe7g7
46.Qe5d6 Kg8
47.Bb1c2 Qg7f7
48.Bc2a4 Re8f8
49.Rd1b1 Qf7f6
50.Ba4d7 Kf7
51.Rb1b7 Qf6a1
52.Kh2 Qa1g1
53.Kh3 Qg1h1
{ resign }
0-1

[Event "Tourn. n8317"]
[Site "www.chess-mail.com"]
[Date "2015.09.02"]
[Round "1"]
[White "Iko"]
[Black "Passaroa25"]
[WhiteElo "1480"]
[BlackElo "1550"]
[Result "1-0"]
[Round "1"]
1.e4 c6
2.e5 d5
3.d4 Nb8d7
4.Nb1c3 Nd7b6
5.Ng1f3 e6
6.Bf1d3 Ng8e7
7.Bc1g5 h6
8.Bg5xe7 Bf8xe7
9.Qd1e2 Bc8d7
10.O-O Be7g5
11.h4 Bg5e7
12.h5 Nb6c4
13.Bd3xc4 O-O
14.Bc4d3 Qd8c7
15.a4 Rf8d8
16.Ra1a3 Be7xa3
17.bxa3 Qc7a5
18.Qe2d2 Kf8
19.Rf1b1 Ra8b8
20.Nc3e4 Qa5xa4
21.Ne4f6 gxf6
22.Qd2xh6 Ke7
23.exf6 Kd6
24.Qh6f4 e5
25.Qf4xe5 
1-0

[Event "Tourn. n8326"]
[Site "www.chess-mail.com"]
[Date "2015.09.02"]
[Round "1"]
[White "Attatroll"]
[Black "Caspito"]
[WhiteElo "1900"]
[BlackElo "1690"]
[Result "1/2-1/2"]
[Round "1"]
1.e4 e5
2.Ng1f3 Nb8c6
3.d4 d5
4.dxe5 dxe4
5.Qd1xd8 Nc6xd8
6.Nf3g5 Bc8e6
7.Ng5xe4 Nd8c6
8.Bf1b5 O-O-O
9.Bc1e3 Nc6d4
10.Be3xd4 Rd8xd4
11.Nb1c3 Bf8b4
12.O-O Ng8e7
13.a3 Bb4xc3
14.Ne4xc3 f5
15.Bb5d3 g6
16.Rf1e1 g5
17.Ra1d1 Rh8d8
18.Nc3b5 Rd4d5
19.Nb5c3 Rd5d4
20.h3 h5
21.Nc3b5 Rd4d5
22.Nb5xa7 Kb8
23.Na7b5 Ne7c6
24.Nb5c3 Rd5xe5
25.Re1xe5 Nc6xe5
26.Rd1e1 Ne5xd3
27.Re1xe6 Nd3xb2
28.Re6f6 f4
29.Rf6g6 g4
30.hxg4 hxg4
31.Rg6xg4 Nb2c4
32.Rg4xf4 Nc4xa3
33.g4 Na3xc2
{ draw }
1/2-1/2

[Event "Match"]
[Site "www.echecsemail.com"]
[Date "2015.09.02"]
[Round "1"]
[White "Pablincho"]
[Black "Coraza"]
[WhiteElo "1650"]
[BlackElo "1789"]
[Result "1-0"]
[Round "1"]
1.e4 e5
2.Ng1f3 Nb8c6
3.c4 Bf8c5
4.b3 Ng8f6
5.d3 Nf6g4
6.Bc1e3 Qd8e7
7.h3 Bc5b4
8.Be3d2 Bb4xd2
9.Qd1xd2 Ng4f6
10.Nb1c3 h6
11.Bf1e2 d6
12.O-O Bc8d7
13.Rf1e1 a6
14.Nc3d5 Nf6xd5
15.exd5 Nc6d8
16.d4 e4
17.Ra1d1 e3
18.Qd2xe3 Qe7xe3
19.fxe3 O-O
20.c5 Bd7f5
21.Nf3h4 Bf5e4
22.Be2f3 Be4c2
23.Rd1d2 Bc2g6
24.e4 c6
25.Nh4xg6 Rf8e8
26.Ng6f4 dxc5
27.dxc5 g6
28.d6 Re8e5
29.b4 g5
30.Nf4d3 Re5e8
31.e5 a5
32.Rd2f2 a4
33.a3 Nd8e6
34.Bf3h5 Re8f8
35.Rf2f6 Ne6d8
36.Rf6xh6 Kg7
37.Rh6f6 b5
38.Bh5g4 Rf8h8
39.Re1e3 Ra8a7
40.Re3g3 Ra7e7
41.dxe7 Nd8b7
42.Bg4d7 Nb7d8
43.Rg3xg5 Kh7
44.Bd7f5 { resign }
1-0

[Event "Match"]
[Site "www.echecsemail.com"]
[Date "2015.09.02"]
[Round "1"]
[White "Darknight"]
[Black "Pinehill"]
[WhiteElo "1590"]
[BlackElo "1950"]
[Result "1-0"]
[Round "1"]
1.e4 d5
2.e5 c5
3.d4 Nb8c6
4.dxc5 Nc6xe5
5.Bc1f4 Ne5g6
6.Bf4g3 Ng8f6
7.Nb1c3 d4
8.Nc3b5 e5
9.b4 a6
10.Nb5a3 Bc8e6
11.Ng1f3 Qd8c7
12.Nf3xd4 O-O-O
13.c3 Bf8xc5
14.bxc5 Qc7xc5
15.Qd1c1 exd4
16.cxd4 Qc5xc1
17.Ra1xc1 Kd7
18.Rc1c7 Ke8
19.Na3c2 b5
20.a3 O-O
21.Rc7a7 Be6c8
22.Bf1d3 Rf8e8
23.Nc2e3 Nf6d5
24.O-O Nd5xe3
25.fxe3 f6
26.Rf1c1 Rd8d7
27.Rc1xc8 Re8xc8
28.Ra7xd7 Rc8c3
29.Bd3e2 Rc3xa3
30.Kf2 b4
31.Be2c4 Kf8
32.Rd7b7 a5
33.Bc4e6 { resign }
1-0

[Event "Match"]
[Site "www.echecsemail.com"]
[Date "2015.09.02"]
[Round "1"]
[White "Giupiter"]
[Black "Hansen"]
[WhiteElo "1509"]
[BlackElo "1540"]
[Result "1-0"]
[Round "1"]
1.e4 d5
2.exd5 Qd8xd5
3.Nb1c3 Qd5e5
4.Qd1e2 Qe5d4
5.Ng1f3 Bc8g4
6.Nf3xd4 Bg4xe2
7.Bf1xe2 Ng8f6
8.Be2f3 e6
9.Bf3xb7 Nf6g4
10.Bb7xa8 Bf8c5
11.Ba8f3 Ng4e5
12.Nd4b3 Bc5d6
13.Bf3e2 O-O
14.d4 Ne5c6
15.Bc1e3 Bd6b4
16.O-O e5
17.Ra1d1 Rf8e8
18.d5 Nc6e7
19.a3 Bb4xc3
20.bxc3 Ne7f5
21.Be3xa7 Nb8d7
22.Be2b5 c6
23.dxc6 Nd7f6
24.c7 Re8c8
25.Rd1d8 Nf6e8
26.Rd8xc8 Nf5d6
27.Rc8xe8 { resign }
1-0

[Event "Match"]
[Site "www.echecsemail.com"]
[Date "2015.09.02"]
[Round "1"]
[White "Norbos"]
[Black "Katze"]
[WhiteElo "1620"]
[BlackElo "1599"]
[Result "1-0"]
[Round "1"]
1.e4 d6
2.d3 e5
3.Ng1f3 Ng8f6
4.Nb1c3 Bf8e7
5.b3 O-O
6.Nc3d5 Nf6xd5
7.exd5 f5
8.g3 Be7f6
9.c4 e4
10.dxe4 Bf6xa1
{ time. }
1-0

[Event "Match"]
[Site "www.echecsemail.com"]
[Date "2015.09.02"]
[Round "1"]
[White "Billyg"]
[Black "Pinehill"]
[WhiteElo "1660"]
[BlackElo "1920"]
[Result "0-1"]
[Round "1"]
1.e4 d5
2.exd5 Ng8f6
3.c4 e6
4.dxe6 Bc8xe6
5.Qd1e2 Nb8c6
6.Ng1f3 Bf8c5
7.Nf3g5 Nc6d4
8.Qe2d3 Qd8e7
9.Ng5xe6 Qe7xe6
10.Bf1e2 O-O-O
11.b3 Rh8e8
12.Nb1c3 Nd4xb3
13.O-O Nb3xc1
14.Qd3c2 Nc1xe2
15.Nc3xe2 Qe6xe2
16.Ra1d1 Kb8
17.Rf1e1 Qe2xe1
18.Rd1xe1 Re8xe1
{ resign }
0-1

[Event "Match"]
[Site "www.echecsemail.com"]
[Date "2015.09.02"]
[Round "1"]
[White "Drdoom"]
[Black "Raulazo"]
[WhiteElo "1770"]
[BlackElo "1980"]
[Result "1-0"]
[Round "1"]
1.e4 e5
2.Ng1f3 Nb8c6
3.d4 Ng8f6
4.d5 Nc6b4
5.Nb1c3 Nf6g4
6.h3 Ng4xf2
7.Kxf2 Bf8c5
8.Bc1e3 Qd8e7
9.Qd1c1 Bc5xe3
10.Kxe3 Qe7c5
11.Ke2 b6
12.a3 Bc8a6
13.Kd1 Nb4c6
14.dxc6 Ba6xf1
15.Rh1xf1 dxc6
16.Qc1g5 Qc5d6
17.Ke2 O-O
18.Qg5xe5 Qd6d8
19.Rf1d1 Qd8c8
20.Nf3h4 Rf8e8
21.Qe5f5 Qc8a6
22.Kf2 Re8e6
23.Kg1 Re6f6
24.Qf5d7 Rf6d6
25.Rd1xd6 g6
26.Rd6f6 Ra8f8
27.Qd7xc6 Qa6c8
28.Nc3d5 Qc8d8
29.Nd5xc7 Qd8d4
30.Kh1 Qd4xb2
31.Ra1f1 Qb2xa3
32.Nh4f3 Kg7
33.Nf3e5 Qa3e7
34.Ne5d7 Kh6
35.Nd7xf8 Qe7xf8
36.Rf6xf7 Qf8c8
37.Qc6c3 a5
38.Qc3e3 g5
39.h4 Qc8g4
40.g3 Qg4h3
41.Kg1 Qh3g4
42.Rf1f6 { resign }
1-0

[Event "Match"]
[Site "www.echecsemail.com"]
[Date "2015.09.02"]
[Round "1"]
[White "Jhw"]
[Black "Andychesston"]
[WhiteElo "2039"]
[BlackElo "2020"]
[Result "0-1"]
[Round "1"]
1.e4 e5
2.Ng1f3 Nb8c6
3.Bf1c4 Bf8e7
4.c3 a6
5.d4 d6
6.d5 b5
7.Bc4xb5 axb5
8.dxc6 Ra8a6
9.Qd1b3 Ra6xc6
10.Qb3xb5 Bc8d7
11.Qb5d5 Ng8f6
12.Qd5d3 O-O
13.h3 Bd7e6
14.b3 d5
15.Nf3xe5 Rc6d6
16.exd5 Rd6xd5
17.Qd3e2 Be7d6
18.f4 Rf8e8
19.O-O Be6d7
20.c4 Bd6xe5
21.fxe5 Rd5xe5
22.Qe2b2 Re5e2
23.Bc1d2 Bd7c6
24.Rf1f2 Re2xf2
25.Kxf2 Nf6e4
26.Kg1 Ne4g3
27.Nb1c3 Qd8d4
28.Kh2 Qd4f2
29.Ra1g1 Ng3f1
30.Kh1 Nf1xd2
31.Nc3d1 Bc6xg2
32.Rg1xg2 Re8e1
{ resign }
0-1

[Event "Match"]
[Site "www.echecsemail.com"]
[Date "2015.09.02"]
[Round "1"]
[White "Gilliere"]
[Black "Raulazo"]
[WhiteElo "1790"]
[BlackElo "1980"]
[Result "1-0"]
[Round "1"]
1.e4 e5
2.Ng1f3 Nb8c6
3.Bf1b5 Nc6d4
4.Nf3xd4 exd4
5.d3 Bf8b4
6.Bc1d2 Qd8e7
7.O-O Ng8f6
8.c3 Bb4d6
9.cxd4 Bd6b4
10.d5 O-O
11.a3 Bb4c5
12.Nb1c3 a6
13.Bb5c4 b5
14.Bc4a2 b4
15.axb4 Bc5xb4
16.Ba2c4 d6
17.h3 Bb4xc3
18.Bd2xc3 Nf6e8
19.Qd1f3 Qe7d7
20.Ra1a2 c6
21.dxc6 Qd7xc6
22.Rf1a1 Bc8e6
23.Bc4xe6 fxe6
24.Qf3g3 e5
25.Qg3g4 Ne8f6
26.Qg4e6 Kh8
27.Bc3xe5 Rf8e8
28.Qe6xd6 Qc6b5
29.Be5xf6 gxf6
30.Qd6xf6 Kg8
31.Ra2xa6 Re8f8
32.Ra6xa8 Qb5c5
33.Ra8xf8 Qc5xf8
34.Qf6xf8 { resign }
1-0

[Event "Match"]
[Site "www.echecsemail.com"]
[Date "2015.09.02"]
[Round "1"]
[White "Azorau"]
[Black "Bojan"]
[WhiteElo "1910"]
[BlackElo "1920"]
[Result "0-1"]
[Round "1"]
1.e4 e5
2.Bf1c4 Ng8f6
3.Qd1f3 h6
4.Nb1c3 c6
5.Nc3e2 d6
6.Qf3b3 Qd8c7
7.d4 Nf6xe4
8.f3 Ne4g5
9.Bc1xg5 hxg5
10.O-O-O d5
11.Bc4d3 Bf8d6
12.g4 exd4
13.Ne2xd4 g6
14.h3 Nb8d7
15.Rd1e1 Bd6e5
16.Kb1 Nd7c5
17.Qb3b4 b6
18.h4 Nc5xd3
19.cxd3 c5
20.Qb4c3 Kd7
21.Nd4b5 Be5xc3
22.Nb5xc7 Bc3xe1
23.Nc7xa8 Be1xh4
24.Ng1e2 Bc8b7
25.Na8xb6 axb6
26.a4 Rh8e8
27.Ne2c3 Re8e3
28.Rh1f1 Re3xd3
29.Kc2 Bb7a6
30.f4 Rd3xc3
31.Kxc3 Ba6xf1
32.b4 Bh4e1
33.Kb3 Be1xb4
34.f5 gxf5
{ resign }
0-1

[Event "Eq:La Taverne-Slap Shot Mates : "]
[Site "www.chess-mail.com"]
[Date "2015.09.02"]
[Round "1"]
[White "Xkafi"]
[Black "Echo314"]
[WhiteElo "2010"]
[BlackElo "2750"]
[Result "0-1"]
[Round "1"]
1.e4 c5
2.Nb1c3 d6
3.Bf1c4 Ng8f6
4.h3 a6
5.a3 b5
6.Bc4a2 e6
7.d3 Nb8c6
8.Ng1f3 Bf8e7
9.g4 h6
10.Nc3e2 d5
11.e5 Nf6d7
12.h4 Nc6xe5
13.Nf3xe5 Nd7xe5
14.Ne2f4 Ne5c6
15.Nf4h5 g6
16.Nh5f4 Be7xh4
17.Bc1e3 Bh4f6
18.Ra1b1 d4
19.Be3d2 Nc6e5
20.Qd1e2 h5
21.gxh5 g5
22.Nf4g2 Bc8b7
23.Kf1 Bb7f3
24.Qe2e1 Qd8c7
25.Bd2a5 Qc7c6
26.Rh1g1 Ne5g4
27.Qe1d2 Ng4h2
28.Ke1 Bf3xg2
29.Kd1 Nh2f3
{ resign }
0-1

[Event "Fast Game"]
[Site "www.echecsemail.com"]
[Date "2015.09.02"]
[Round "1"]
[White "Chtoubidou"]
[Black "Sonofabutton"]
[WhiteElo "1650"]
[BlackElo "1599"]
[Result "1/2-1/2"]
[Round "1"]
1.e4 e5
2.Bf1c4 Nb8c6
3.Nb1c3 Ng8f6
4.d3 Bf8e7
5.Ng1e2 O-O
6.O-O a6
7.a3 b5
{ draw }
1/2-1/2

[Event "Tourn. n8298"]
[Site "www.chess-mail.com"]
[Date "2015.09.03"]
[Round "1"]
[White "Liencam2"]
[Black "Ff333"]
[WhiteElo "2280"]
[BlackElo "2060"]
[Result "1-0"]
[Round "1"]
1.e4 e5
2.Ng1f3 Nb8c6
3.d4 exd4
4.c3 dxc3
5.Bf1c4 cxb2
6.Bc1xb2 f6
7.Nb1d2 Ng8h6
8.h3 Nc6a5
9.Bc4d3 Bf8c5
10.Ra1c1 b6
11.e5 f5
12.O-O Bc8b7
13.e6 dxe6
14.Bb2xg7 Rh8g8
15.Bg7xh6 Qd8xd3
16.Bh6g5 Bb7xf3
17.Nd2xf3 Qd3xd1
18.Rf1xd1 Bc5d6
19.h4 Na5b7
20.Nf3d4 Nb7c5
{ time. }
1-0

[Event "Tourn. n8306"]
[Site "www.chess-mail.com"]
[Date "2015.09.03"]
[Round "1"]
[White "Ericleo1980"]
[Black "Guidom"]
[WhiteElo "1809"]
[BlackElo "2070"]
[Result "1-0"]
[Round "1"]
1.e4 e5
2.Ng1f3 Nb8c6
3.Bf1b5 Ng8f6
4.O-O d6
5.d4 exd4
6.Nf3xd4 Bc8d7
7.Nd4xc6 bxc6
8.Bb5c4 Bf8e7
9.Nb1c3 O-O
10.h3 h6
11.Bc1e3 c5
12.f4 Bd7c6
13.Qd1f3 Ra8b8
14.b3 Qd8d7
15.Ra1d1 Rf8d8
16.Be3xc5 a5
17.a4 Qd7c8
18.Bc5d4 Qc8b7
19.Rf1e1 Qb7b4
20.Kf1 Rd8e8
21.g4 Nf6d7
22.g5 hxg5
23.fxg5 Re8f8
24.g6 d5
25.Nc3xd5 Be7h4
26.Nd5xb4 Rb8xb4
27.gxf7 { resign }
1-0

[Event "Tourn. n8369"]
[Site "www.chess-mail.com"]
[Date "2015.09.03"]
[Round "1"]
[White "Liencam2"]
[Black "Xkafi"]
[WhiteElo "2280"]
[BlackElo "2090"]
[Result "1-0"]
[Round "1"]
1.e4 e5
2.Ng1f3 Nb8c6
3.d4 exd4
4.c3 dxc3
5.Bf1c4 Qd8f6
6.Nb1xc3 Bf8b4
7.O-O Ng8h6
8.Nc3d5 Qf6d8
9.Bc1xh6 gxh6
10.Qd1c1 Bb4f8
11.Qc1f4 d6
12.Nd5f6 Ke7
13.Nf6g8 Kd7
14.Qf4f5 { resign }
1-0

[Event "Tourn. n8297"]
[Site "www.chess-mail.com"]
[Date "2015.09.03"]
[Round "1"]
[White "Jasmartin"]
[Black "Pinehill"]
[WhiteElo "1720"]
[BlackElo "1820"]
[Result "0-1"]
[Round "1"]
1.e4 d5
2.d4 dxe4
3.Nb1c3 Ng8f6
4.Bf1c4 Bc8f5
5.h3 e6
6.Bc1e3 Bf8b4
7.Ng1e2 Nb8d7
8.a3 Bb4xc3
9.bxc3 O-O
10.Ne2g3 Bf5g6
11.O-O Nd7b6
12.Bc4b3 Nf6d5
13.Be3d2 c6
14.Ng3h5 Qd8h4
15.Nh5g3 f5
16.c4 Nd5f6
17.c5 Nb6d5
18.a4 Nf6h5
19.c4 Nd5f6
20.Qd1c1 Ra8d8
21.Bd2g5 Nh5xg3
22.fxg3 Qh4xg3
23.Bb3d1 Rd8xd4
24.Bg5f4 Qg3d3
25.Ra1a3 Qd3xc4
26.Ra3c3 Qc4d5
27.Bd1b3 Qd5d7
28.Bf4d6 Rf8e8
29.Qc1g5 b6
30.Rc3g3 Rd4xd6
31.cxd6 Qd7xd6
32.h4 Nf6g4
33.Rg3h3 Qd6d4
34.Kh1 Ng4f2
35.Rf1xf2 Qd4xf2
36.h5 Bg6f7
37.Rh3g3 g6
38.h6 Qf2b2
39.Qg5f4 Re8d8
40.Qf4c7 Rd8e8
41.Qc7xc6 e5
42.Qc6f6 Qb2c1
43.Kh2 Qc1xh6
44.Rg3h3 Qh6f4
45.Rh3g3 Bf7xb3
{ resign }
0-1

[Event "Tourn. n8354"]
[Site "www.chess-mail.com"]
[Date "2015.09.03"]
[Round "1"]
[White "Libiesse"]
[Black "Jhw"]
[WhiteElo "2140"]
[BlackElo "2289"]
[Result "0-1"]
[Round "1"]
1.d4 c5
2.d5 Qd8b6
3.Nb1c3 e6
4.Ng1f3 d6
5.e4 h6
6.Bf1c4 Ng8f6
7.Qd1e2 a6
8.O-O e5
9.Ra1b1 Qb6a5
10.Rf1e1 g5
11.h3 g4
12.hxg4 Bc8xg4
13.Qe2e3 b5
14.Bc4e2 b4
15.Nf3xe5 dxe5
16.Be2xg4 Nf6xg4
17.Qe3g3 h5
18.Nc3e2 Qa5xa2
19.Bc1d2 Qa2c4
20.f3 Qc4xc2
21.fxg4 Bf8d6
22.Bd2xb4 cxb4
23.Rb1c1 Bd6c5
24.Kh1 hxg4
{ resign }
0-1

[Event "Tourn. n8342"]
[Site "www.chess-mail.com"]
[Date "2015.09.03"]
[Round "1"]
[White "Cobramanca"]
[Black "Xkafi"]
[WhiteElo "2270"]
[BlackElo "2050"]
[Result "1-0"]
[Round "1"]
1.e4 e5
2.Ng1f3 Qd8f6
3.d4 exd4
4.Bf1c4 h6
5.Nf3xd4 Bf8c5
6.Bc1e3 Bc5b4
7.c3 Bb4a5
8.O-O d6
9.Qd1a4 Nb8c6
10.Nd4xc6 Bc8d7
11.Qa4xa5 Bd7xc6
12.Bc4d5 Bc6xd5
13.Qa5xd5 c6
14.Qd5d4 Qf6g6
15.Nb1a3 Ng8e7
16.Ra1d1 Ne7c8
17.Na3c4 O-O
18.Nc4xd6 Nc8xd6
19.Qd4xd6 Qg6xe4
20.Rd1d4 Qe4c2
21.Rd4d2 Qc2a4
22.b3 Qa4a6
23.Qd6g3 g5
24.Be3xg5 hxg5
25.Qg3xg5 Kh7
26.Rd2d4 { resign }
1-0

[Event "Tourn. n8335"]
[Site "www.chess-mail.com"]
[Date "2015.09.03"]
[Round "1"]
[White "Jose"]
[Black "Numanoid"]
[WhiteElo "2670"]
[BlackElo "2500"]
[Result "1/2-1/2"]
[Round "1"]
1.e4 g6
2.d4 d6
3.Nb1c3 Ng8f6
4.Bc1e3 Bf8g7
5.f3 O-O
6.Qd1d2 e5
7.Ng1e2 exd4
8.Be3xd4 Nb8c6
9.Bd4e3 a6
10.O-O-O b5
11.h4 Nc6e5
12.Ne2f4 h5
13.Bf1e2 Bc8b7
14.a3 Rf8e8
15.Kb1 Ra8b8
16.Be3a7 Rb8a8
17.Ba7d4 c6
18.Bd4f2 d5
19.exd5 cxd5
20.Rh1e1 Ne5c4
21.Be2xc4 dxc4
22.Re1xe8 Qd8xe8
23.Qd2d6 { draw }
1/2-1/2

[Event "Tourn. n8338"]
[Site "www.chess-mail.com"]
[Date "2015.09.03"]
[Round "1"]
[White "Xkafi"]
[Black "Orhany24"]
[WhiteElo "2040"]
[BlackElo "2000"]
[Result "0-1"]
[Round "1"]
1.c4 c5
2.Nb1c3 Nb8c6
3.d3 e6
4.Ng1f3 d5
5.a3 f5
6.cxd5 exd5
7.Qd1b3 Ng8f6
8.h3 Ra8b8
9.Bc1f4 Bf8d6
10.Bf4g5 Bc8e6
11.Nc3b5 Bd6e7
12.Qb3a4 a6
13.Nb5c3 O-O
14.Qa4h4 b5
15.Nc3d1 c4
16.Nd1c3 d4
17.Nc3d1 h6
18.Bg5f4 Qd8e8
19.Bf4xb8 Nf6h5
20.Qh4f4 Nh5xf4
21.Bb8xf4 g5
22.Bf4d2 Qe8g6
23.g4 fxg4
24.hxg4 Be6xg4
25.dxc4 bxc4
26.Bf1g2 Qg6e4
27.Rh1g1 Bg4xf3
28.Bg2xf3 Rf8xf3
29.Kf1 Rf3f8
30.Ra1c1 d3
31.e3 Qe4f3
32.Rg1g3 Qf3xg3
{ resign }
0-1

[Event "Match"]
[Site "www.echecsemail.com"]
[Date "2015.09.03"]
[Round "1"]
[White "Coraza"]
[Black "Norbos"]
[WhiteElo "1680"]
[BlackElo "1620"]
[Result "1-0"]
[Round "1"]
1.e4 e5
2.Bf1c4 Bf8c5
3.Qd1f3 Ng8h6
4.d3 f6
5.Bc1xh6 gxh6
6.Qf3h5 Kf8
7.Qh5f7 { resign }
1-0

[Event "Match"]
[Site "www.echecsemail.com"]
[Date "2015.09.03"]
[Round "1"]
[White "Pinehill"]
[Black "Drdoom"]
[WhiteElo "1980"]
[BlackElo "1740"]
[Result "1-0"]
[Round "1"]
1.e4 e5
2.d4 exd4
3.c3 dxc3
4.Bf1c4 d6
5.Ng1f3 Bc8g4
6.Nb1xc3 Ng8f6
7.O-O Nb8c6
8.Bc1g5 Bf8e7
9.Rf1e1 O-O
10.h3 Bg4xf3
11.Qd1xf3 Nc6d4
12.Qf3d3 c5
13.e5 dxe5
14.Re1xe5 h6
15.Bg5xf6 Be7xf6
16.Re5xc5 b6
17.Rc5d5 Qd8c7
18.Rd5xd4 Bf6xd4
19.Qd3xd4 Ra8d8
20.Qd4g4 Rd8d7
21.Bc4b3 Rf8d8
22.g3 Qc7b7
23.Ra1e1 b5
24.Nc3e4 Kf8
25.Ne4c5 { resign }
1-0

[Event "Match"]
[Site "www.echecsemail.com"]
[Date "2015.09.03"]
[Round "1"]
[White "Tictac"]
[Black "Cristiano"]
[WhiteElo "1499"]
[BlackElo "1990"]
[Result "1-0"]
[Round "1"]
1.d4 Ng8f6
2.c4 g6
3.Nb1c3 Bf8g7
4.e4 d6
5.Ng1f3 Nb8d7
6.Bf1e2 O-O
7.O-O e5
8.Bc1e3 a6
9.dxe5 dxe5
10.Qd1c2 Qd8e8
11.Nc3d5 Nf6xd5
12.cxd5 Qe8d8
13.Ra1c1 Rf8e8
14.Qc2xc7 Qd8xc7
15.Rc1xc7 Nd7f6
16.Nf3d2 b5
17.f3 Bg7f8
18.Nd2b3 Nf6d7
19.Rf1c1 Bf8d6
20.Rc7c6 Bd6f8
21.g4 Kg7
22.g5 Nd7b8
23.Rc6xc8 Re8xc8
24.Rc1xc8 Bf8d6
25.Nb3a5 f5
26.exf5 gxf5
27.Na5b7 Bd6b4
28.f4 e4
29.Be2h5 Bb4f8
30.Nb7d6 b4
31.Be3d4 { resign }
1-0

[Event "Match"]
[Site "www.echecsemail.com"]
[Date "2015.09.03"]
[Round "1"]
[White "Billyg"]
[Black "Jucatorul"]
[WhiteElo "1590"]
[BlackElo "1499"]
[Result "0-1"]
[Round "1"]
1.e4 c5
2.Ng1f3 d6
3.d4 cxd4
4.Nf3xd4 Ng8f6
5.Nb1c3 a6
6.e5 dxe5
7.Nd4f3 Qd8xd1
8.Nc3xd1 e4
9.Nf3d4 e5
10.Nd4f5 Bc8xf5
11.Nd1e3 Bf5g6
12.Ne3c4 Nb8c6
13.Bc1g5 h6
14.Bg5xf6 gxf6
15.O-O-O Bf8c5
16.Rd1d2 b5
17.Nc4e3 Bc5xe3
18.fxe3 Ke7
19.g3 Ra8d8
20.Rd2xd8 Rh8xd8
21.c4 bxc4
22.Bf1xc4 a5
23.a3 Bg6f5
24.h3 Bf5e6
25.Bc4b5 Nc6a7
26.Bb5e2 Be6b3
27.g4 Na7c8
28.Kb1 Nc8b6
29.Rh1c1 Rd8d2
30.Rc1c7 Kd6
31.Rc7c1 Rd2xe2
{ resign }
0-1

[Event "Match"]
[Site "www.echecsemail.com"]
[Date "2015.09.03"]
[Round "1"]
[White "Ranjachess"]
[Black "Rindrandria"]
[WhiteElo "1680"]
[BlackElo "1650"]
[Result "1-0"]
[Round "1"]
1.Nb1c3 d5
2.d4 h6
3.e4 dxe4
4.Nc3xe4 f5
5.Qd1h5 g6
6.Qh5xg6 Kd7
7.Bf1c4 Ng8f6
8.Bc1f4 fxe4
9.O-O-O e6
10.Qg6f7 Qd8e7
11.Bc4xe6 Kd8
12.Bf4e5 Bc8xe6
13.Qf7xf6 Nb8d7
14.Qf6xe7 Bf8xe7
15.Be5xh8 Be6xa2
16.b3 Be7a3
17.Kd2 Ba3b2
18.Ng1e2 c5
19.Rd1a1 Bb2xa1
20.Rh1xa1 Kc7
21.Bh8e5 Nd7xe5
22.dxe5 Ba2xb3
23.cxb3 a6
24.Ke3 Ra8f8
25.Ne2f4 Rf8d8
26.Nf4e6 Kc8
27.Ne6xd8 Kxd8
28.Kxe4 Kd7
29.f4 Kc6
30.e6 Kb5
31.e7 a5
32.e8Q Kb4
33.Qe8a4 Kc3
34.Qa4c4 Kb2
35.Ra1c1 b5
36.Qc4c2 Ka3
37.Qc2xc5 Kxb3
38.Qc5xb5 Ka2
39.Rc1c3 a4
40.Qb5xa4 Kb2
41.Qa4b3 Ka1
42.Rc3c1 
1-0

[Event "Match"]
[Site "www.echecsemail.com"]
[Date "2015.09.03"]
[Round "1"]
[White "Andychesston"]
[Black "Geodad5"]
[WhiteElo "2020"]
[BlackElo "2180"]
[Result "0-1"]
[Round "1"]
1.e4 e5
2.Ng1f3 d6
3.d4 exd4
4.Nf3xd4 Ng8f6
5.Nb1c3 Bf8e7
6.Bf1d3 O-O
7.Bc1f4 Bc8d7
8.Qd1f3 Nb8c6
9.Nd4f5 Bd7xf5
10.exf5 d5
11.O-O Nc6d4
12.Qf3h3 c5
13.Nc3b5 Nd4xb5
14.Bd3xb5 a6
15.Bb5e2 Qd8d7
16.g4 Rf8e8
17.Ra1d1 Be7d6
18.Bf4xd6 Qd7xd6
19.Be2c4 b5
20.g5 bxc4
21.gxf6 gxf6
22.Qh3h6 d4
23.Kh1 Kh8
24.f4 Qd6d5
25.Kg1 Re8g8
26.Kf2 Rg8g2
27.Ke1 Ra8e8

0-1

[Event "Match"]
[Site "www.echecsemail.com"]
[Date "2015.09.03"]
[Round "1"]
[White "Raulazo"]
[Black "Chtoubidou"]
[WhiteElo "1889"]
[BlackElo "1870"]
[Result "0-1"]
[Round "1"]
1.e4 d5
2.exd5 Ng8f6
3.Qd1e2 Qd8xd5
4.Nb1c3 Qd5d8
5.Ng1f3 g6
6.d3 Bf8g7
7.g3 O-O
8.Bf1g2 Nb8c6
9.O-O Bc8g4
10.Nc3e4 Nc6d4
11.Qe2d1 e6
12.Bc1e3 Nd4xf3
13.Bg2xf3 Nf6xe4
14.dxe4 Bg4xf3
15.Qd1xf3 Qd8f6
16.Qf3g2 Qf6xb2
17.f4 Bg7d4
18.Be3xd4 Qb2xd4
19.Kh1 Rf8d8
20.Ra1d1 Qd4xd1
21.h4 Qd1g4
22.e5 Rd8d1
23.Rf1xd1 Qg4xd1
24.Kh2 Ra8d8
25.Kh3 Rd8d2
26.Qg2xb7 Qd1xc2
27.Qb7c8 Kg7
28.a4 Rd2h2
29.Kg4 h6
30.Qc8d8 Qc2e2

0-1